| 000 | 00612nam a2200133Ia 4500 | ||
|---|---|---|---|
| 008 | 171212s9999 xx 000 0 und d | ||
| 020 | _a9780833038968 | ||
| 100 | _aRostker, Bernard D.;Yeh, K. C. | ||
| 245 |
_cRostker, Bernard D.;Yeh, K. C. _aI Want You! _bThe Evolution of the All-Volunteer Force |
||
| 260 |
_bRAND Corporation _c2006 |
||
| 650 | _aManagement & Organizational Behavior | ||
| 650 | _aMilitary service, Voluntary -- United States -- History -- 20th century; United States -- Armed Forces -- Recruiting, enlistment, etc. -- History -- 20th century | ||
| 856 | _uwww.jstor.org/stable/10.7249/mg265rc | ||
| 999 |
_c352165 _d352165 |
||